| 000 | 01124cam a2200277 4500 | ||
|---|---|---|---|
| 008 | 030606n2002 000 0 eng u | ||
| 020 | _a0117536148 | ||
| 035 | _a(Sirsi) u122546 | ||
| 041 | _aeng | ||
| 050 |
_a711.52 _c18 |
||
| 110 |
_aDepartment for Transport, Local Government and the Regions _94091 |
||
| 245 |
_aMixed-use development _bpractice and potential |
||
| 260 |
_aLondon _bTSO _c2002 |
||
| 300 |
_a100p. _c30cm. |
||
| 350 | _a25 | ||
| 520 | _aThis report examines the contribution mixed-use development can make to the urban renaissance by revitalising town centres, enhancing the quality of urban life, reducing travel needs and meeting housing needs. It concludes that policy and practice should be geared to attractive town centre environments by managing the mix of uses. With reference to 12 case studies. Bibliography. | ||
| 650 | _aMIXED-USE DEVELOPMENTS | ||
| 650 | _aURBAN RENAISSANCE | ||
| 650 | _aTOWN CENTRE MANAGEMENT | ||
| 650 | _aTOWN CENTRES | ||
| 650 | _aURBAN REGENERATION | ||
| 650 | _aTOWN PLANNING | ||
| 650 | _aPLANNING POLICY | ||
| 690 | _aREGENERATION | ||
| 942 | _n0 | ||
| 999 |
_c102877 _d102877 |
||